00776 a2200193 4500010001400000020002600014035001300040037001600053082001600069245015500085260004000240270008000280300002300360490004700383500005000430650005700480700002200537700002300559 aENG-89167 a9788178298153c795.00 aEN-72700 bDBAD / PUB14a320.80954611 aLocal democracy in South Asia :cedited by David N. Gellner [and] Krishna Hachhethubmicroprocesses of democratization in Nepal and its Neighbours / aNew DelhibSage Publicationsc2008 aB1/11, Mohan Cooperative Industrial Area, Mathura RoadbNew Delhie110 044 a472p.c21cm (Hb ) aGovernance, conflict and civic action; v.1 aIncludes bibliographical references and index aObstacles to local leadership and democracy in Nepal aGellner, David N. aHachhethu, Krishna